MARC details
| 000 -LEADER |
| fixed length control field |
02723nas a2200481 a 4500 |
| 005 - DATE AND TIME OF LATEST TRANSACTION |
| control field |
20090821155114.0 |
| 008 - FIXED-LENGTH DATA ELEMENTS--GENERAL INFORMATION |
| fixed length control field |
070121c20039999ii gr 0 0eng |
| 010 ## - LCCN (DPL NO) |
| LC control number |
ENG-94809 |
| 020 ## - INTERNATIONAL STANDARD BOOK NUMBER |
| International Standard Book Number |
9788132100843 |
| Terms of availability |
995.00 |
| 035 ## - SYSTEM CONTROL NUMBER |
| System control number |
EN-78342 |
| 037 ## - SOURCE OF ACQUISITION |
| Source of stock number/acquisition |
DBAD / PUB |
| 040 ## - CATALOGING SOURCE |
| Original cataloging agency |
dpl |
| Language of cataloging |
English |
| 082 ## - DEWEY DECIMAL CLASSIFICATION NUMBER |
| Classification number |
303.4833095 |
| 245 ## - TITLE STATEMENT |
| Title |
Digital review of Asia Pacific / |
| Statement of responsibility, etc |
edited by Shahid Akhtar ...[et.al] |
| 246 ## - VARYING FORM OF TITLE |
| Title proper/short title |
DirAP |
| 260 ## - PUBLICATION, DISTRIBUTION, ETC. (IMPRINT) |
| Place of publication, distribution, etc |
New Delhi |
| Name of publisher, distributor, etc |
SAGE Publications |
| Date of publication, distribution, etc |
2009 |
| 270 ## - ADDRESS |
| Address |
B1/I-1 Mohan Cooperative Industrial Area, Mathura Road, |
| City |
New Delhi |
| Postal code |
110044 |
| 300 ## - PHYSICAL DESCRIPTION |
| Extent |
xxvii, 391p. |
| Dimensions |
30cm(pbk) |
| Accompanying material |
CD-ROM |
| 500 ## - GENERAL NOTE |
| General note |
Published by: 2007/2008-, SAGE Publications, New Delhi, India. |
| 500 ## - GENERAL NOTE |
| General note |
Latest issue consulted: 2009/2010 |
| 530 ## - ADDITIONAL PHYSICAL FORM AVAILABLE NOTE |
| Additional physical form available note |
Also issued in electronic format online and on CD-ROM. |
| 550 ## - ISSUING BODY NOTE |
| Issuing body note |
Co-published by: 2003/2004, Asia-Pacific Development Information Programme, Pan Asia Networking Programme, and ORBICOM; 2005/2006, also includes Agence intergouvernementale de la francophonie; 2007/2008, ORBICOM and International Development Research Cent |
| 650 ## - SUBJECT ADDED ENTRY--TOPICAL TERM |
| Topical term or geographic name as entry element |
Information technology |
| Geographic subdivision |
Pacific Area |
| Form subdivision |
Periodicals. |
| 650 ## - SUBJECT ADDED ENTRY--TOPICAL TERM |
| Topical term or geographic name as entry element |
Information technology |
| Geographic subdivision |
Asia |
| Form subdivision |
Periodicals. |
| 650 ## - SUBJECT ADDED ENTRY--TOPICAL TERM |
| Topical term or geographic name as entry element |
Information technology projects |
| Geographic subdivision |
Pacific Area |
| Form subdivision |
Periodicals. |
| 650 ## - SUBJECT ADDED ENTRY--TOPICAL TERM |
| Topical term or geographic name as entry element |
Information technology projects |
| Geographic subdivision |
Asia |
| Form subdivision |
Periodicals. |
| 650 ## - SUBJECT ADDED ENTRY--TOPICAL TERM |
| Topical term or geographic name as entry element |
Information technology |
| General subdivision |
Government policy |
| Geographic subdivision |
Pacific Area |
| Form subdivision |
Periodicals. |
| 650 ## - SUBJECT ADDED ENTRY--TOPICAL TERM |
| Topical term or geographic name as entry element |
Information technology |
| General subdivision |
Government policy |
| Geographic subdivision |
Asia |
| Form subdivision |
Periodicals. |
| 650 ## - SUBJECT ADDED ENTRY--TOPICAL TERM |
| Topical term or geographic name as entry element |
Information technology |
| General subdivision |
Technological innovations |
| -- |
Economic aspects |
| Geographic subdivision |
Pacific Area |
| Form subdivision |
Periodicals. |
| 650 ## - SUBJECT ADDED ENTRY--TOPICAL TERM |
| Topical term or geographic name as entry element |
Information technology |
| General subdivision |
Technological innovations |
| -- |
Economic aspects |
| Geographic subdivision |
Asia |
| Form subdivision |
Periodicals. |
| 650 ## - SUBJECT ADDED ENTRY--TOPICAL TERM |
| Topical term or geographic name as entry element |
Communication and technology |
| General subdivision |
Economic aspects |
| -- |
Social aspects |
| Geographic subdivision |
Pacific Area |
| Form subdivision |
Periodicals. |
| 650 ## - SUBJECT ADDED ENTRY--TOPICAL TERM |
| Topical term or geographic name as entry element |
Communication and technology |
| General subdivision |
Economic aspects |
| -- |
Social aspects |
| Geographic subdivision |
Asia |
| Form subdivision |
Periodicals. |
| 650 ## - SUBJECT ADDED ENTRY--TOPICAL TERM |
| Topical term or geographic name as entry element |
Economic development |
| General subdivision |
Effect of technological innovations on |
| Geographic subdivision |
Pacific Area |
| General subdivision |
Strategic aspects |
| Form subdivision |
Periodicals. |
| 650 ## - SUBJECT ADDED ENTRY--TOPICAL TERM |
| Topical term or geographic name as entry element |
Economic development |
| General subdivision |
Effect of technological innovations on |
| Geographic subdivision |
Asia |
| General subdivision |
Strategic aspects |
| Form subdivision |
Periodicals. |
| 700 ## - ADDED ENTRY--PERSONAL NAME |
| Personal name |
Shahid Akhtar |
| 710 ## - ADDED ENTRY--CORPORATE NAME |
| Corporate name or jurisdiction name as entry element |
Asia-Pacific Development Information Programme. |
| 710 ## - ADDED ENTRY--CORPORATE NAME |
| Corporate name or jurisdiction name as entry element |
Pan Asia Networking Programme. |
| 710 ## - ADDED ENTRY--CORPORATE NAME |
| Corporate name or jurisdiction name as entry element |
ORBICOM. |
| 710 ## - ADDED ENTRY--CORPORATE NAME |
| Corporate name or jurisdiction name as entry element |
Agence intergouvernementale de la francophonie. |
| 710 ## - ADDED ENTRY--CORPORATE NAME |
| Corporate name or jurisdiction name as entry element |
International Development Research Centre (Canada) |
| 942 ## - ADDED ENTRY ELEMENTS (KOHA) |
| Source of classification or shelving scheme |
Dewey Decimal Classification |
| Item type |
English Books |
| Call number suffix |
DIG |
| Classification part |
303.4833095 |